000 00553nam a2200193Ia 4500
001 13732
003 GE_BSU
008 181216s||||||||xx |||||||||||||| ||und||
040 _cGE_BSU
080 _a821.353.1-32
100 _aლორთქიფანიძე,ნიკო
245 _aდანგრეული ბუდეები
260 _aთბილისი
260 _bსახელგამი
260 _c1933
300 _a307გვ.14სმ.
653 _aდანგრეული ბუდეები
942 _cBK
999 _c46879
_d46879